| 000 -LEADER | |
|---|---|
| fixed length control field | 00405nam a22001697a 4500 |
| 005 - DATE AND TIME OF LATEST TRANSACTION | |
| control field | 20210826105007.0 |
| 008 - FIXED-LENGTH DATA ELEMENTS--GENERAL INFORMATION | |
| fixed length control field | 160905b xxu||||| |||| 00| 0 eng d |
| 020 ## - INTERNATIONAL STANDARD BOOK NUMBER | |
| ISBN | 978-81-8404-941-1 |
| 041 ## - LANGUAGE CODE | |
| Language code of text/sound track or separate title | eng |
| 082 ## - DEWEY DECIMAL CLASSIFICATION NUMBER | |
| Classification number | 004.36 |
| 100 ## - MAIN ENTRY--AUTHOR NAME | |
| Personal name | SHAH,SHARNAM |
| 245 ## - TITLE STATEMENT | |
| Title | JAVA EE 6 SERVER PROGRAMMING |
| 260 ## - PUBLICATION, DISTRIBUTION, ETC. (IMPRINT) | |
| Name of publisher | SHROTT |
| Year of publication | 2011 |
| 300 ## - PHYSICAL DESCRIPTION | |
| Number of Pages | 1248 |
| 650 ## - SUBJECT ADDED ENTRY--TOPICAL TERM | |
| Topical Term | INFORMATION TECHNOLOGY |
| 942 ## - ADDED ENTRY ELEMENTS (KOHA) | |
| Koha item type | Books |
| Lost status | Damaged status | Collection code | Home library | Current library | Shelving location | Date acquired | Source of acquisition | Cost, normal purchase price | Full call number | Accession Number | Koha item type |
|---|---|---|---|---|---|---|---|---|---|---|---|
| Reference | JRU Library | JRU Library | SHELF-7-A | 05/09/2016 | PURCHASE | 950.00 | 004.36 | 21146 | Books | ||
| CS/IT | JRU Library | JRU Library | SHELF-54-A | 05/09/2016 | PURCHASE | 950.00 | 004.36 | 21147 | Books | ||
| CS/IT | JRU Library | JRU Library | SHELF-54-A | 05/09/2016 | PURCHASE | 950.00 | 004.36 | 21148 | Books |